[Event "Ustron op-A"]
[Site "Ustron"]
[Date "2020.08.19"]
[Round "7"]
[White "Bednarczyk, Damian"]
[Black "Poley, Vladimir"]
[Result "1/2-1/2"]
[WhiteElo "2213"]
[BlackElo "2310"]
[PlyCount "154"]
[EventDate "2020.08.15"]
[EventType "swiss"]
[EventRounds "9"]
[EventCountry "POL"]
[SourceTitle "CBM 197 Extra"]
[Source "ChessBase"]
[SourceDate "2020.09.30"]
[SourceVersion "1"]
[SourceVersionDate "2020.09.30"]
[SourceQuality "1"]

1. d4 g6 2. c4 Bg7 3. Nc3 d6 4. e4 Nc6 5. Be3 e5 6. d5 Nce7 7. g4 f5 8. gxf5 gxf5 9. Qh5+ Ng6 10. Bh3 Nf6 11. Qg5 Nxe4 12. Nxe4 fxe4 13. Qxd8+ Kxd8 14. Bxc8 Rxc8 15. Nh3 Bf6 16. Rg1 c6 17. dxc6 bxc6 18. Rd1 Ke7 19. Rg4 Ke6 20. Rxe4 Kf5 21. f3 Nh4 22. Ke2 Rhd8 23. Rg4 h5 24. Rg3 d5 25. Nf2 Ng6 26. Rdg1 Nf4+ 27. Bxf4 exf4 28. Rg6 Re8+ 29. Kd2 Re3 30. Rh6 Rh8 31. Rxh8 Bxh8 32. cxd5 Rxf3 33. Nd3 cxd5 34. Rg8 Bf6 35. Rf8 Ke6 36. a4 h4 37. a5 Ke7 38. Rg8 Bd4 39. Rg4 Rh3 40. Nxf4 Be3+ 41. Ke2 Bxf4 42. Rxf4 Rxh2+ 43. Ke3 h3 44. Rh4 Rxb2 45. Rh7+ Kd6 46. Rxa7 h2 47. Rh7 Kc5 48. a6 Ra2 49. Rc7+ Kb5 50. Rh7 Kc5 51. Rc7+ Kd6 52. Rh7 Rxa6 53. Rxh2 Ra4 54. Kd3 Re4 55. Rh8 Re7 56. Rh1 Rg7 57. Rh2 Rg3+ 58. Kd4 Rg4+ 59. Kd3 Kc5 60. Rc2+ Kd6 61. Rh2 Rc4 62. Rh8 Rc1 63. Rd8+ Ke6 64. Re8+ Kd7 65. Rh8 Rd1+ 66. Kc2 Re1 67. Rh6 Re6 68. Rxe6 Kxe6 69. Kd3 Ke5 70. Ke3 d4+ 71. Kd3 Kd5 72. Kd2 Ke4 73. Ke2 d3+ 74. Kd2 Kd4 75. Kd1 Ke3 76. Ke1 d2+ 77. Kd1 Kd3 1/2-1/2

[Event "Ustron op-A"]
[Site "Ustron"]
[Date "2020.08.16"]
[Round "4"]
[White "Molenda, Marcin"]
[Black "Bednarczyk, Damian"]
[Result "0-1"]
[WhiteElo "2375"]
[BlackElo "2213"]
[PlyCount "76"]
[EventDate "2020.08.15"]
[EventType "swiss"]
[EventRounds "9"]
[EventCountry "POL"]
[SourceTitle "CBM 197 Extra"]
[Source "ChessBase"]
[SourceDate "2020.09.30"]
[SourceVersion "1"]
[SourceVersionDate "2020.09.30"]
[SourceQuality "1"]

1. d4 Nf6 2. c4 e6 3. Nf3 d5 4. Nc3 Be7 5. Bf4 0-0 6. Rc1 a6 7. cxd5 exd5 8. e3 c6 9. h3 Bf5 10. Nh4 Bg6 11. Nxg6 hxg6 12. Bd3 Nbd7 13. 0-0 Re8 14. Qb3 Qb6 15. Qc2 Nf8 16. a3 Ne6 17. Bg3 Qd8 18. Rfd1 Bd6 19. Bxd6 Qxd6 20. Na4 Nd7 21. Be2 Ng5 22. Nc5 Nxc5 23. Qxc5 Qf6 24. Bd3 Ne4 25. Bxe4 Rxe4 26. Qb4 Re7 27. Qb6 g5 28. b4 g4 29. hxg4 Qh4 30. a4 g6 31. Qc5 Rae8 32. Qd6 Kg7 33. Re1 Qxg4 34. Rc3 Re6 35. Qc7 R6e7 36. Qd6 Re6 37. Qc7 Rh8 38. f3 Rh1+ 0-1

[Event "Warsaw Najdorf Memorial op-A 17th"]
[Site "Warsaw"]
[Date "2019.07.10"]
[Round "5"]
[White "Bednarczyk, Damian"]
[Black "Milikow, Elie"]
[Result "0-1"]
[WhiteElo "2256"]
[BlackElo "2129"]
[PlyCount "66"]
[EventDate "2019.07.06"]
[EventType "swiss"]
[EventRounds "9"]
[EventCountry "POL"]
[SourceTitle "CBM 191 Extra"]
[Source "ChessBase"]
[SourceDate "2019.09.30"]
[SourceVersion "1"]
[SourceVersionDate "2019.09.30"]
[SourceQuality "1"]

1. d4 Nf6 2. c4 c5 3. d5 b5 4. cxb5 a6 5. Nc3 axb5 6. e4 b4 7. Nb5 d6 8. Bc4 g6 9. e5 dxe5 10. d6 exd6 11. Bg5 Ra5 12. Ne2 Bb7 13. Qb3 d5 14. Rd1 Qb6 15. Qg3 Nfd7 16. Bxd5 Bxd5 17. Rxd5 f6 18. Bxf6 Qxf6 19. a4 Rxa4 20. 0-0 Be7 21. f4 Qc6 22. Qb3 Ra5 23. Nd6+ Bxd6 24. Qd1 Be7 25. fxe5 Rf8 26. Nf4 g5 27. Qh5+ Kd8 28. e6 Rxf4 29. exd7 Rxf1+ 30. Kxf1 Ra1+ 31. Kf2 Qxd5 32. Qe8+ Kc7 33. Qc8+ Kd6 0-1

[Event "POL-chT 2nd League"]
[Site "Jastrzebia Gora"]
[Date "2018.09.02"]
[Round "2.74"]
[White "Mickiewicz, Piotr"]
[Black "Bednarczyk, Damian"]
[Result "0-1"]
[WhiteElo "2265"]
[BlackElo "2215"]
[PlyCount "92"]
[EventDate "2018.09.01"]
[EventType "team-swiss"]
[EventRounds "9"]
[EventCountry "POL"]
[SourceTitle "CBM 186 Extra"]
[Source "ChessBase"]
[SourceDate "2018.08.24"]
[SourceVersion "1"]
[SourceVersionDate "2018.08.24"]
[SourceQuality "1"]
[WhiteTeam "Zielonka Zieloni"]
[BlackTeam "Staniatki Goniec"]
[WhiteTeamCountry "POL"]
[BlackTeamCountry "POL"]

1. Nf3 c5 2. g3 Nc6 3. Bg2 g6 4. 0-0 Bg7 5. c4 e5 6. Nc3 Nge7 7. Ne1 d6 8. Nc2 Be6 9. Ne3 Qd7 10. Ned5 0-0 11. d3 Kh8 12. Rb1 Bh3 13. a3 Bxg2 14. Kxg2 Rac8 15. b4 cxb4 16. axb4 Nxd5 17. Nxd5 b5 18. cxb5 Nd4 19. e4 Nxb5 20. Qa4 Qb7 21. Be3 f5 22. Rfc1 fxe4 23. dxe4 Nd4 24. Rxc8 Qxc8 25. h3 Qc4 26. Qd1 Ne2 27. f3 Qa2 28. Bf2 Nd4 29. Nc3 Qc4 30. Bxd4 exd4 31. Nd5 Qa2+ 32. Kg1 Rxf3 33. Qxf3 Qxb1+ 34. Kg2 Qc2+ 35. Kf1 d3 36. Ne3 Qc1+ 37. Kg2 Qd2+ 38. Kf1 Qxb4 39. Nd5 Qb1+ 40. Kg2 Qc2+ 41. Kf1 a5 42. Ne3 Qc1+ 43. Kg2 Qd2+ 44. Kh1 Qe1+ 45. Nf1 d2 46. e5 h6 0-1

[Event "EU-ch blitz"]
[Site "Katowice"]
[Date "2017.12.15"]
[Round "12"]
[White "Janik, Igor"]
[Black "Bednarczyk, Damian"]
[Result "1-0"]
[WhiteElo "2413"]
[BlackElo "2227"]
[PlyCount "83"]
[EventDate "2017.12.15"]
[EventType "swiss (blitz)"]
[EventRounds "22"]
[EventCountry "POL"]
[SourceTitle "CBM 182 Extra"]
[Source "ChessBase"]
[SourceDate "2018.02.23"]
[SourceVersion "1"]
[SourceVersionDate "2018.02.23"]
[SourceQuality "1"]

1. e4 c5 2. Nf3 d6 3. Bb5+ Bd7 4. Bxd7+ Qxd7 5. c4 Nf6 6. Nc3 Nc6 7. 0-0 g6 8. d4 cxd4 9. Nxd4 Bg7 10. Nc2 0-0 11. Ne3 Rfc8 12. Rb1 Qd8 13. b3 Nd7 14. Bb2 Nc5 15. f3 a5 16. Nb5 a4 17. Bxg7 Kxg7 18. b4 Ne6 19. Kh1 Ne5 20. Qe2 Nf4 21. Qb2 f6 22. Na3 Nfd3 23. Qd4 Nf4 24. Qd2 Ne6 25. Nd5 Nxc4 26. Nxc4 Rxc4 27. Qf2 Ra6 28. b5 Ra5 29. b6 Rac5 30. Qg3 Rc2 31. a3 Qd7 32. Qh3 h5 33. Qg3 Kf7 34. Qe1 Nd4 35. Qe3 Ne2 36. Qh6 Nd4 37. Qh7+ Ke6 38. Qg8+ Ke5 39. Rbe1 g5 40. f4+ gxf4 41. Nxf4 Qg4 42. Nd3# 1-0

[Event "POL-chT 2nd League"]
[Site "Jastrzebia Gora"]
[Date "2016.09.08"]
[Round "6.21"]
[White "Bednarczyk, Damian"]
[Black "Chalupnik, Marcin"]
[Result "1-0"]
[WhiteElo "2158"]
[BlackElo "2191"]
[PlyCount "83"]
[EventDate "2016.09.03"]
[EventType "team-swiss"]
[EventRounds "9"]
[EventCountry "POL"]
[SourceTitle "EXT 2017"]
[Source "ChessBase"]
[SourceDate "2016.10.25"]
[SourceVersion "1"]
[SourceVersionDate "2016.10.25"]
[SourceQuality "1"]
[WhiteTeam "Wieliczka MKS MOS"]
[BlackTeam "Warszawa YMCA"]
[WhiteTeamCountry "POL"]
[BlackTeamCountry "POL"]

1. d4 Nf6 2. c4 c5 3. d5 b5 4. cxb5 a6 5. b6 d6 6. Nc3 Nbd7 7. a4 Qxb6 8. a5 Qb7 9. e4 e6 10. Nf3 exd5 11. exd5 Be7 12. Be2 0-0 13. 0-0 Rb8 14. Re1 Qa8 15. Bc4 Re8 16. h3 Bf8 17. Rxe8 Nxe8 18. b3 Nc7 19. Qd3 Bb7 20. Qf5 Nf6 21. Bb2 Re8 22. Rd1 h6 23. g4 Qd8 24. Na4 Be7 25. Nb6 Nh7 26. Re1 Bf6 27. Rxe8+ Qxe8 28. Bc1 Ng5 29. Bxg5 hxg5 30. Nxg5 Qe1+ 31. Kg2 Qxa5 32. Nd7 Bxg5 33. Qxg5 Ne6 34. Qe7 Nf4+ 35. Kg3 Ng6 36. Qe8+ Kh7 37. Bd3 Qd2 38. Nf8+ Kh6 39. Bxg6 Qc3+ 40. Kh2 Bxd5 41. h4 f6 42. Be4 1-0

[Event "POL-chT 2nd League"]
[Site "Szczyrk"]
[Date "2014.09.14"]
[Round "9.81"]
[White "Bednarczyk, Damian"]
[Black "Smagalski, Slawomir"]
[Result "1-0"]
[WhiteElo "2073"]
[BlackElo "1973"]
[PlyCount "109"]
[EventDate "2014.09.06"]
[EventType "team-swiss"]
[EventRounds "9"]
[EventCountry "POL"]
[SourceTitle "EXT 2015"]
[Source "ChessBase"]
[SourceDate "2014.11.20"]
[SourceVersion "1"]
[SourceVersionDate "2014.11.20"]
[SourceQuality "1"]
[WhiteTeam "Wieliczka MKS MOS"]
[BlackTeam "Konin Hetman"]
[WhiteTeamCountry "POL"]
[BlackTeamCountry "POL"]

1. d4 Nf6 2. c4 e6 3. g3 Bb4+ 4. Bd2 Qe7 5. Bg2 0-0 6. Qb3 Nc6 7. Nf3 Ne4 8. Bxb4 Qxb4+ 9. Nc3 Nd6 10. Qxb4 Nxb4 11. c5 Ne8 12. 0-0 d6 13. Rfd1 a6 14. Rac1 Bd7 15. a3 Nd5 16. Nxd5 exd5 17. cxd6 c6 18. Ne5 Rd8 19. f3 Nxd6 20. e4 Be6 21. Nd3 Nb5 22. Nc5 Bc8 23. a4 Nc7 24. e5 Ne6 25. Nxe6 Bxe6 26. a5 g6 27. Rc3 Rd7 28. Kf2 h5 29. h4 Kg7 30. Rb3 Rc8 31. Rc1 Kf8 32. Rc5 Kg7 33. Bf1 Bf5 34. Ke3 Ra8 35. Kd2 Rc7 36. Be2 Rd7 37. Rcc3 Rc8 38. g4 hxg4 39. fxg4 Be6 40. Rb6 Ra8 41. Rb4 Rc7 42. Rbb3 Rh8 43. h5 Bc8 44. Rc1 Re7 45. Re3 Rc7 46. Bf3 Be6 47. Rc5 Re7 48. Re2 Ree8 49. Rc3 Bc8 50. Rf2 Be6 51. Be2 Rc8 52. Rf6 gxh5 53. gxh5 Rh6 54. Rg3+ Kh7 55. Bd3+ 1-0

[Event "POL-chT 2nd League"]
[Site "Szczyrk"]
[Date "2014.09.06"]
[Round "1.21"]
[White "Krzyzanowski, Marcin"]
[Black "Bednarczyk, Damian"]
[Result "1-0"]
[WhiteElo "2347"]
[BlackElo "2073"]
[PlyCount "73"]
[EventDate "2014.09.06"]
[EventType "team-swiss"]
[EventRounds "9"]
[EventCountry "POL"]
[SourceTitle "EXT 2015"]
[Source "ChessBase"]
[SourceDate "2014.11.20"]
[SourceVersion "1"]
[SourceVersionDate "2014.11.20"]
[SourceQuality "1"]
[WhiteTeam "Wisznia Mala OKSiR"]
[BlackTeam "Wieliczka MKS MOS"]
[WhiteTeamCountry "POL"]
[BlackTeamCountry "POL"]

1. d4 d5 2. c4 e6 3. Nc3 c6 4. e3 Nf6 5. Nf3 Nbd7 6. Qc2 Bd6 7. b3 0-0 8. Be2 Re8 9. Bb2 dxc4 10. bxc4 e5 11. Rd1 exd4 12. Nxd4 Qc7 13. h3 Ne5 14. 0-0 Bd7 15. Nf5 Bf8 16. Ng3 Rad8 17. Nce4 Nxe4 18. Nxe4 f5 19. Ng3 g6 20. f4 Nf7 21. e4 Qb6+ 22. Kh1 fxe4 23. f5 Qe3 24. fxg6 hxg6 25. Rf3 Qh6 26. Nxe4 Be7 27. Bd3 Bg4 28. Rg3 Bxd1 29. Qxd1 g5 30. Rf3 Qh5 31. Ng3 Qh6 32. Nf5 Qe6 33. Ng7 Qd6 34. Nxe8 Rxe8 35. Qe2 Kf8 36. Qf1 Qe6 37. Bf5 1-0

[Event "Krakow op"]
[Site "Krakow"]
[Date "2012.04.29"]
[Round "1"]
[White "Bednarczyk, Damian"]
[Black "Jakubiec, Artur"]
[Result "0-1"]
[WhiteElo "2021"]
[BlackElo "2521"]
[PlyCount "84"]
[EventDate "2012.04.29"]
[EventType "swiss"]
[EventRounds "9"]
[EventCountry "POL"]
[SourceTitle "CBM 148 Extra"]
[Source "ChessBase"]
[SourceDate "2012.06.22"]
[SourceVersion "1"]
[SourceVersionDate "2012.06.22"]
[SourceQuality "1"]

1. d4 f5 2. Nf3 Nf6 3. g3 g6 4. Bg2 Bg7 5. 0-0 0-0 6. c4 d6 7. Nc3 Qe8 8. Bd2 c6 9. Qb3 Kh8 10. Rfe1 e5 11. e4 f4 12. gxf4 Nh5 13. fxe5 dxe5 14. Nxe5 c5 15. Nd5 cxd4 16. Nd3 Qf7 17. f4 Nc6 18. Rf1 Be6 19. Rae1 Rad8 20. a3 b6 21. Qa4 Bd7 22. Qc2 Rc8 23. b4 b5 24. Nc5 bxc4 25. Qxc4 Ne7 26. Nb6 axb6 27. Qxf7 Rxf7 28. Nxd7 Rc2 29. Rd1 Nc8 30. Ne5 Rf8 31. Bc1 g5 32. Nd3 gxf4 33. Nxf4 Nxf4 34. Bxf4 Ne7 35. Bg3 Rd8 36. Bh4 Re8 37. Bf2 Rg8 38. Rxd4 Rxf2 39. Kxf2 Bxd4+ 40. Kf3 Ra8 41. Rd1 Rxa3+ 42. Kg4 Be5 0-1